Carregant...

Intorduction to Quantitative Genetics

Dades bibliogràfiques
Autor principal: D S Falconer
Format: Printed Book
Idioma:Undetermined
Publicat: Hougman Loudon 1983
U K
Edició:2
Matèries:
LEADER 00653nam a2200241Ia 4500
008 141122s9999 xx 000 0 und d
020 |a 582441951 
040 |c . 
041 |a English 
082 |a 576.5 
082 |b FAL/IN 
100 |a D S Falconer 
245 |a Intorduction to Quantitative Genetics 
245 |c D S Falconer 
250 |a 2 
260 |b Hougman Loudon 
260 |b U K 
260 |c 1983 
300 |a 340 Pages 
650 |a Genetics 
942 |c BK 
999 |c 19901  |d 19901 
952 |0 0  |1 0  |4 0  |6 576_500000000000000_FALIN  |7 0  |9 19555  |a COVAS  |b COVAS  |d 0000-00-00  |l 27  |m 13  |o 576.5 FAL/IN  |p 13130  |r 2019-10-31  |s 2019-10-17  |w 2014-11-26  |y BK